<?xml version="1.0" encoding="UTF-8"?>
<record
    xmlns:xsi="http://www.w3.org/2001/XMLSchema-instance"
    xsi:schemaLocation="http://www.loc.gov/MARC21/slim http://www.loc.gov/standards/marcxml/schema/MARC21slim.xsd"
    xmlns="http://www.loc.gov/MARC21/slim">

  <leader>00841nam a22001937a 4500</leader>
  <controlfield tag="005">20250102171549.0</controlfield>
  <datafield tag="010" ind1=" " ind2=" ">
    <subfield code="a">HIN-129055</subfield>
  </datafield>
  <datafield tag="020" ind1=" " ind2=" ">
    <subfield code="a">9788195294305</subfield>
    <subfield code="c">600.00</subfield>
  </datafield>
  <datafield tag="035" ind1=" " ind2=" ">
    <subfield code="a">HN-101401</subfield>
  </datafield>
  <datafield tag="037" ind1=" " ind2=" ">
    <subfield code="b">DBAD/PUB</subfield>
  </datafield>
  <datafield tag="082" ind1=" " ind2=" ">
    <subfield code="a">823.08</subfield>
  </datafield>
  <datafield tag="100" ind1=" " ind2=" ">
    <subfield code="a">&#x905;&#x902;&#x936;&#x941;&#x932;, &#x936;&#x92E;&#x93F;&#x915;&#x93E;</subfield>
    <subfield code="9">75747</subfield>
  </datafield>
  <datafield tag="245" ind1=" " ind2=" ">
    <subfield code="a">&#x917;&#x94B;&#x926;&#x93E;&#x928; &#x915;&#x93E; &#x936;&#x93F;&#x932;&#x94D;&#x92A;-&#x935;&#x93F;&#x927;&#x93E;&#x928;/</subfield>
    <subfield code="c">&#x936;&#x92E;&#x93F;&#x915;&#x93E; &#x905;&#x902;&#x936;&#x941;&#x932;</subfield>
  </datafield>
  <datafield tag="250" ind1=" " ind2=" ">
    <subfield code="a">&#x92A;&#x94D;&#x930;&#x925;&#x92E;</subfield>
  </datafield>
  <datafield tag="260" ind1=" " ind2=" ">
    <subfield code="a">&#x928;&#x908; &#x926;&#x93F;&#x932;&#x94D;&#x932;&#x940;</subfield>
    <subfield code="b">&#x92A;&#x94D;&#x930;&#x917;&#x924;&#x93F;&#x936;&#x940;&#x932; &#x92A;&#x94D;&#x930;&#x915;&#x936;&#x928;</subfield>
    <subfield code="c">2021</subfield>
  </datafield>
  <datafield tag="270" ind1=" " ind2=" ">
    <subfield code="a">&#x90F;&#x928;-3/25, &#x92A;&#x94D;&#x930;&#x925;&#x92E; &#x924;&#x932; , &#x92E;&#x94B;&#x939;&#x928; &#x917;&#x93E;&#x930;&#x94D;&#x921;&#x928;, &#x909;&#x924;&#x94D;&#x924;&#x92E; &#x928;&#x917;&#x930;</subfield>
    <subfield code="b">&#x928;&#x908; &#x926;&#x93F;&#x932;&#x94D;&#x932;&#x940;</subfield>
    <subfield code="e">110059</subfield>
    <subfield code="k">9968277749</subfield>
    <subfield code="m">pragatisheelprakshan2yahoo.in</subfield>
  </datafield>
  <datafield tag="300" ind1=" " ind2=" ">
    <subfield code="a">206&#x92A;&#x943;.</subfield>
    <subfield code="c">23 &#x938;&#x947;.&#x92E;&#x940;.(&#x938;&#x91C;&#x93F;&#x932;&#x94D;&#x926;)</subfield>
  </datafield>
  <datafield tag="942" ind1=" " ind2=" ">
    <subfield code="c">HN</subfield>
    <subfield code="2">ddc</subfield>
    <subfield code="h">823.08</subfield>
    <subfield code="m">&#x905;&#x902;&#x936;&#x941;&#x932;</subfield>
  </datafield>
  <datafield tag="999" ind1=" " ind2=" ">
    <subfield code="c">207932</subfield>
    <subfield code="d">207932</subfield>
  </datafield>
  <datafield tag="952" ind1=" " ind2=" ">
    <subfield code="0">0</subfield>
    <subfield code="1">0</subfield>
    <subfield code="4">0</subfield>
    <subfield code="7">0</subfield>
    <subfield code="8">NFIC</subfield>
    <subfield code="a">RKP</subfield>
    <subfield code="b">RKP</subfield>
    <subfield code="d">2024-12-24</subfield>
    <subfield code="e">DBAD</subfield>
    <subfield code="g">600.00</subfield>
    <subfield code="l">0</subfield>
    <subfield code="o">823.08 &#x905;&#x902;&#x936;&#x941;&#x932;</subfield>
    <subfield code="p">HN-101401</subfield>
    <subfield code="r">2024-12-24 00:00:00</subfield>
    <subfield code="t">1</subfield>
    <subfield code="v">600.00</subfield>
    <subfield code="w">2024-12-24</subfield>
    <subfield code="y">HN</subfield>
  </datafield>
</record>
